Amerikánsky rusko-slovenský kalendár

Bibliographic Details
Format: Serial
Language:Undetermined
Published: [S.L.] [s.n] 1906

MARC

LEADER 00000cas a2200000 a 4500
001 vtls001439050
003 SK-MaSNL
005 20260221114114.0
008 180810d1906uuuuxx u| 0 0 0und d
035 |a SNK000394197 
040 |a SNK  |b slo  |c SNK  |e AACR2 
245 0 0 |a Amerikánsky rusko-slovenský kalendár 
260 |a [S.L.]  |b [s.n]  |c 1906 
910 |a snk 
999 |c 3255  |d 5185 
952 |0 0  |1 0  |4 0  |7 0  |a SNK  |b SNK  |d 2002-08-09  |l 0  |o snkČSB 3170/1906  |p 17A0350329  |r 2005-01-02 00:00:00  |w 2026-02-21  |y PREZ